Match XI NO.5 - Statistics

General Stats
  • This quiz has been taken 3 times
  • The average score is 9 of 24
Answer Stats
Hint Answer % Correct
GK Jordan Pickford
100%
LB Lucas Digne
100%
CB Michael Keane
100%
ST Calvert-Lewin
67%
DM Douglas Luiz
67%
RB Seamus Coleman
67%
RM Alex Iwobi
33%
CM Andre Gomes
33%
LM Bernard
33%
MNGR Carlo Ancelotti
33%
MNGR Dean Smith
33%
CB Ezri Konsa
33%
LW Jack Grealish
33%
CM John Mcginn
33%
GK Pepe Reina
33%
CM Tom Davies
33%
CB Tyrone Mings
33%
RB Ahmed Elmohamady
0%
CM Conor Hourihane
0%
CB Mason Holgate
0%
LB Matt Target
0%
ST Mbwana Samatta
0%
ST Richarlison
0%
RW Trezeguet
0%
No matching quizzes found
Score Distribution
Percent of People with Each Score
Percentile by Number Answered
Your Score History
You have not taken this quiz